Управление знаниями в корпорациях: учебное пособие для вузов

Bibliographische Detailangaben
Körperschaften: Академия народного хозяйства при Правительстве Российской Федерации, Государственный университет управления
Weitere Verfasser: Мильнер Б. З. Борис Захарович (редактор), Румянцева З. П. Зинаида Петровна, Смирнова В. Г. Валентина Григорьевна, Блинникова А. В. Алла Викторовна
Zusammenfassung:Учебное пособие знакомит читателя с основными понятиями, предпосылками появления и содержанием новой научной дисциплины, изучение которой только начинается. Оно дает представление о методах управления знаниями, об этапах превращения знаний в производительную силу. Рассматриваются роль и области применения информационных технологий, перестройка организационных структур, изменения в осуществлении консультационных услуг, особенности обучающихся и интеллектуальных организаций. Формируются требования к менеджерам, к новой роли лидеров. Содержит 12 глав, рекомендуемую литературу и глоссарий. В каждой главе указаны использованные источники и предложены вопросы для обсуждения и повторения. Для научных работников и преподавателей, аспирантов, студентов высших учебных заведений, всех тех, кто интересуется созданием и развитием системы управления знаниями.
Sprache:Russisch
Veröffentlicht: Москва, Дело, 2006
Schlagworte:
Format: MixedMaterials Buch
KOHA link:https://koha.lib.tpu.ru/cgi-bin/koha/opac-detail.pl?biblionumber=109830

MARC

LEADER 00000nam0a2200000 4500
001 109830
005 20231101214910.0
010 |a 5774904385 
035 |a (RuTPU)RU\TPU\book\118602 
090 |a 109830 
100 |a 20070214d2006 m y0rusy50 ca 
101 0 |a rus 
102 |a RU 
105 |a y j 001zy 
200 1 |a Управление знаниями в корпорациях  |e учебное пособие для вузов  |f Б. З. Мильнер [и др.]  |g Академия народного хозяйства при Правительстве Российской Федерации; Государственный университет управления; под ред. Б. З. Мильнера 
210 |a Москва  |c Дело  |d 2006 
215 |a 304 с. 
320 |a Библиогр.: с. 291-295. 
320 |a Глоссарий: с. 296-303. 
320 |a Библиография в конце глав. 
330 |a Учебное пособие знакомит читателя с основными понятиями, предпосылками появления и содержанием новой научной дисциплины, изучение которой только начинается. Оно дает представление о методах управления знаниями, об этапах превращения знаний в производительную силу. Рассматриваются роль и области применения информационных технологий, перестройка организационных структур, изменения в осуществлении консультационных услуг, особенности обучающихся и интеллектуальных организаций. Формируются требования к менеджерам, к новой роли лидеров. Содержит 12 глав, рекомендуемую литературу и глоссарий. В каждой главе указаны использованные источники и предложены вопросы для обсуждения и повторения. Для научных работников и преподавателей, аспирантов, студентов высших учебных заведений, всех тех, кто интересуется созданием и развитием системы управления знаниями. 
606 1 |a Предприятия  |x Интеллектуальный капитал  |x Управление  |2 stltpush  |3 (RuTPU)RU\TPU\subj\67735  |9 83427 
610 1 |a экономика 
610 1 |a управление 
610 1 |a организации 
610 1 |a корпорации 
610 1 |a знания 
610 1 |a ресурсы 
610 1 |a интеллектуальный капитал 
610 1 |a нематериальные активы 
610 1 |a организационные знания 
610 1 |a методы 
610 1 |a организационные структуры 
610 1 |a команды 
610 1 |a информационные технологии 
610 1 |a консультационные услуги 
610 1 |a обучающиеся организации 
610 1 |a корпоративная культура 
610 1 |a учебные пособия 
686 |a У9(2)29-2я73  |v LBC/SL-A  |2 rubbk 
686 |a У9(2)212я73  |v LBC/SL-A  |2 rubbk 
701 1 |a Мильнер  |b Б. З.  |g Борис Захарович 
701 1 |a Румянцева  |b З. П.  |g Зинаида Петровна 
701 1 |a Смирнова  |b В. Г.  |g Валентина Григорьевна 
701 1 |a Блинникова  |b А. В.  |g Алла Викторовна 
702 1 |a Мильнер  |b Б. З.  |g Борис Захарович  |4 340 
712 0 2 |a Академия народного хозяйства при Правительстве Российской Федерации  |2 stltpush  |3 (RuTPU)RU\TPU\col\415 
712 0 2 |a Государственный университет управления  |2 stltpush  |3 (RuTPU)RU\TPU\col\23 
801 1 |a RU  |b 63413507  |c 20070214  |g PSBO 
801 2 |a RU  |b 63413507  |c 20140121  |g PSBO 
942 |c BK